000 00333nam a2200145Ia 4500
008 230718s9999 xx 000 0 und d
041 _aEng.
082 _a688.32
_bLEA-P
100 _alearing media
245 0 _aPerformance mangement
260 _aPakistan
_bBpp Publishing
_c2001
300 _a138
650 _aLaw
999 _c27324
_d27324